000 00841nam a22002537a 4500
001 BR9605132
003 BR-BrBNA
005 20230928095055.0
007 ta
008 230509b bl.||||| |||| 00| 0 por d
040 _aBR-BrBNA
_bpor
_cBiblioteca Nacional de Agricultura
041 _a(Por)
072 _aE50
090 _ E50 BR9605132
110 1 _aSociedade Brasileira de Economia e Sociologia Rural, Brasilia, DF (Brasil)
_99678
111 1 _a29. Congresso Brasileiro de Economia e Sociologia Rural
_cCampinas, SP (Brazil)
_d28 Jul - 1 Aug 1991
245 1 _aAnais do 29. Congresso Brasileiro de Economia e Sociologia Rural; Agricultura e Sociedade
260 3 _aBrasilia, DF (Brasil):
_c1991.
300 _av. 1-3
650 _aSociologia Rural
650 _aEconomia
909 _a202309
_bLucia
_c55
_dLucia Elande
942 _cBK
999 _c54358
_d54358